Normal view
MARC view
- Hafiz Waleed Ahmad (00000205863)
Entry Personal Name
001 - CONTROL NUMBER
- control field: 116482
003 - CONTROL NUMBER IDENTIFIER
- control field: NUST
005 - DATE AND TIME OF LATEST TRANSACTION
- control field: 20230912165953.0
008 - FIXED-LENGTH DATA ELEMENTS
- fixed length control field: 230912|| aca||aabn | a|a d
040 ## - CATALOGING SOURCE
- Original cataloging agency: NUST
- Transcribing agency: NUST
100 ## - HEADING--PERSONAL NAME
- Personal name: Hafiz Waleed Ahmad (00000205863)
670 ## - SOURCE DATA FOUND
- Source citation: Work cat.: (NUST): Hafiz Waleed Ahmad (00000205863), Integrated DER Planning and Scheduling of Smart Distribution System through Two Stage Methodology /, 2019
